<?xml version="1.0" encoding="UTF-8"?>
<record
    xmlns:xsi="http://www.w3.org/2001/XMLSchema-instance"
    xsi:schemaLocation="http://www.loc.gov/MARC21/slim http://www.loc.gov/standards/marcxml/schema/MARC21slim.xsd"
    xmlns="http://www.loc.gov/MARC21/slim">

  <leader>01122nam a2200157   4500</leader>
  <controlfield tag="001">14058</controlfield>
  <controlfield tag="005">20260326153714.0</controlfield>
  <datafield tag="010" ind1=" " ind2=" ">
    <subfield code="a">9782807104549</subfield>
  </datafield>
  <datafield tag="090" ind1=" " ind2=" ">
    <subfield code="a">14058</subfield>
  </datafield>
  <datafield tag="099" ind1=" " ind2=" ">
    <subfield code="o">0</subfield>
  </datafield>
  <datafield tag="100" ind1=" " ind2=" ">
    <subfield code="a">20260326d        u||y0frey50      ba</subfield>
  </datafield>
  <datafield tag="200" ind1=" " ind2=" ">
    <subfield code="a">Semeurs de panique</subfield>
    <subfield code="b">LIVR</subfield>
  </datafield>
  <datafield tag="214" ind1=" " ind2=" ">
    <subfield code="c">Lansman</subfield>
  </datafield>
  <datafield tag="330" ind1=" " ind2=" ">
    <subfield code="a">Dans la lointaine contr&#xE9;e du Limousin, c'est la canicule. Les rivi&#xE8;res sont ass&#xE9;ch&#xE9;es, les animaux ont soif et les humains restent les bras crois&#xE9;s. Il faut trouver un moyen pour que la pluie irrigue de nouveau ce pays ass&#xE9;ch&#xE9; par le d&#xE9;sespoir et la paresse des adultes. Jo, sept ans et demi, accompagn&#xE9; de Gentiane, sa grenouille de compagnie, part &#xE0; la recherche d'un soi-disant cerf magique capable de r&#xE9;g&#xE9;n&#xE9;rer le sol, les animaux et les hommes. Les deux amis devront affronter Desperanda qui a pouss&#xE9; les adultes &#xE0; abandonner ce paradis terrestre &#xE0; la cupidit&#xE9; et &#xE0; la destruction. Arm&#xE9;s de leur courage et d'un sens de l'organisation approximatif, Jo et Gentiane parviendront &#xE0; faire reculer la s&#xE9;cheresse... en semant la panique.</subfield>
  </datafield>
  <datafield tag="610" ind1=" " ind2=" ">
    <subfield code="a">&#xE9;cologie</subfield>
    <subfield code="a">for&#xEA;t</subfield>
    <subfield code="a">vivant</subfield>
    <subfield code="a">r&#xE9;volte</subfield>
  </datafield>
  <datafield tag="700" ind1=" " ind2=" ">
    <subfield code="a">Souchaud</subfield>
    <subfield code="b">Mathilde</subfield>
  </datafield>
  <datafield tag="995" ind1=" " ind2=" ">
    <subfield code="2">0</subfield>
    <subfield code="5">2026-03-26</subfield>
    <subfield code="9">13949</subfield>
    <subfield code="c">JOL</subfield>
    <subfield code="f">JOL-007758</subfield>
    <subfield code="k">TH SOU 11</subfield>
    <subfield code="o">0</subfield>
    <subfield code="b">JOL</subfield>
    <subfield code="r">LIVR</subfield>
  </datafield>
</record>
